| 000 | 00638nam a2200181Ia 4500 | ||
|---|---|---|---|
| 008 | 100921s9999 xx 000 0 und d | ||
| 082 |
_b30151 _a808.068 थ 96 |
||
| 100 | _aसाने गुरूजी. | ||
| 245 | _aश्याम. | ||
| 260 |
_bपुणे विद्यार्थीगृह प्रकाशन,पुणे. _c1996 |
||
| 300 |
_a192 _bरसिक साहित्य,पुणे |
||
| 365 | _b35 | ||
| 520 | _aललित-बालवाङ्रमय. | ||
| 630 | _aश्याम. | ||
| 650 | _aललित-बालवाङ्रमय. | ||
| 730 | _aश्याम. | ||
| 942 | _cBOOK | ||
| 999 |
_c779264 _d779261 |
||